Perintah-perintah Am Bab "A" - Bab "G" : (Hingga 25hb Januari 2011).
| Format: | Book |
|---|---|
| Published: |
Petaling Jaya:
International Law Book Service,
2011.
|
| Subjects: |
| LEADER | 00521cam a2200157 7i4500 | ||
|---|---|---|---|
| 001 | 0000027362 | ||
| 005 | 20111214090000.0 | ||
| 020 | 0 | 0 | |a 9789678921602 |
| 090 | 0 | 0 | |a M 354.595 |b PER |
| 245 | 0 | 0 | |a Perintah-perintah Am Bab "A" - Bab "G" : |b (Hingga 25hb Januari 2011). |
| 260 | 0 | 0 | |a Petaling Jaya: |b International Law Book Service, |c 2011. |
| 300 | # | # | |a 313 p. |
| 650 | 0 | 0 | |a Civil service -- |z Malaysia |
| 650 | 0 | 0 | |a Official and employees -- |z Malaysia |
| 651 | 0 | 0 | |a Malaysia |
| 999 | |a B000029669 |b Book |c Malaysia |e Business Information Centre | ||


